Statistics for Pokémon Professors

Click here to take the quiz!

General Stats

  • This quiz has been taken 71 times
    (67 since last reset)
  • The average score is 6 of 8

Answer Stats

RegionProfessor% Correct
KantoOak
100%
HoennBirch
96%
JohtoElm
84%
UnovaJuniper
82%
KalosSycamore
77%
SinnohRowan
75%
AlolaKukui
73%
GalarMagnolia
61%

Score Distribution

Percentile by Number Answered

Percent of People with Each Score

Your Score History

You have not taken this quiz since the last reset